[Event "OEsterreichische Meisterschafte"]
[Site "Fuerstenfeld - Stadthalle"]
[Date "2009.04.06"]
[Round "1"]
[Board "1"]
[White "Stagl, Marco"]
[Black "Halvax, Georg"]
[Result "1-0"]
[WhiteElo "1881"]
[BlackElo "2187"]
[PlyCount "81"]
[EventDate "2009.04.06"]
[EventRounds "7"]
[EventCountry "AUT"]

1.d4 Nf6 2.c4 e6 3.Nf3 b6 4.g3 Ba6 5.Qc2 Nc6 6.a3 Bb7 7.Qd3 d5 8.cxd5 Qxd5 9.Bg2
Nxd4 10.Nh4 Qc5 11.O-O Bxg2 12.Nxg2 Rd8 13.b4 Qf5 14.Qc4 Qe4 15.Qxc7 Nxe2+
16.Kh1 Bd6 17.Qxa7 Qd4 18.Ra2 Qc4 19.Rxe2 Qxe2 20.Kg1 Ng4 21.Ne3 Nxe3 22.Bxe3 b5
23.Qb7 O-O 24.Nc3 Qd3 25.Ne4 Rb8 26.Qc6 Bxb4 27.axb4 Rfc8 28.Nf6+ gxf6 29.Qf3
Rc4 30.Qxf6 Rxb4 31.Bf4 Re8 32.Be5 Kf8 33.Bf4 Qd4 34.Be5 Qd5 35.Qg7+ Ke7 36.Bf6+
Kd6 37.Qxf7 Qa8 38.Rd1+ Kc6 39.Qd7+ Kb6 40.Qd6+ Ka5 41.Bc3

[Event "OEsterreichische Meisterschafte"]
[Site "Fuerstenfeld - Stadthalle"]
[Date "2009.04.06"]
[Round "1"]
[Board "1"]
[White "Hartl, Daniel"]
[Black "Dalnodar, Bernhard"]
[Result "1-0"]
[WhiteElo "2188"]
[BlackElo "1952"]
[PlyCount "65"]
[EventDate "2009.04.06"]
[EventRounds "7"]
[EventCountry "AUT"]

1.e4 c5 2.Nf3 g6 3.d4 cxd4 4.Nxd4 Bg7 5.c4 Nc6 6.Be3 Nf6 7.Nc3 O-O 8.Be2 d6
9.O-O Nxd4 10.Bxd4 b6 11.f4 Bb7 12.Bf3 Nd7 13.Rc1 e5 14.Be3 Qe7 15.Nb5 Nc5
16.Qxd6 Qxd6 17.Nxd6 Bc6 18.f5 Rfd8 19.Nb5 Bxe4 20.Bxe4 Nxe4 21.Nxa7 Rxa7
22.Bxb6 Rdd7 23.Bxa7 Rxa7 24.a3 Nc5 25.f6 Bf8 26.b4 Nd3 27.Rc3 e4 28.c5 Rc7
29.g4 Bh6 30.h4 Bd2 31.Rc4 e3 32.Rd4 Rc8 33.Rxd3

[Event "OEsterreichische Meisterschafte"]
[Site "Fuerstenfeld - Stadthalle"]
[Date "2009.04.06"]
[Round "1"]
[Board "1"]
[White "Matt, Fabian"]
[Black "Azad, Razik"]
[Result "0-1"]
[WhiteElo "1938"]
[BlackElo "2061"]
[PlyCount "110"]
[EventDate "2009.04.06"]
[EventRounds "7"]
[EventCountry "AUT"]

1.e4 c5 2.Nf3 d6 3.d4 cxd4 4.Nxd4 Nf6 5.Nc3 a6 6.Bg5 e6 7.f4 Nbd7 8.Qd2 b5 9.Be2
Bb7 10.Bf3 Be7 11.e5 Bxf3 12.gxf3 dxe5 13.Nc6 Qc7 14.Nxe7 Kxe7 15.O-O-O Rhd8
16.Ne4 a5 17.Nd6 b4 18.Rhg1 Ra6 19.Ne4 Rc6 20.fxe5 Nxe5 21.Qxd8+ Qxd8 22.Rxd8
Kxd8 23.Nxf6 Nxf3 24.Ne4+ f6 25.Rd1+ Ke7 26.Be3 Nxh2 27.Bc5+ Kf7 28.Rd7+ Kg6
29.Bf8 Kf5 30.Nd6+ Kf4 31.Rxg7 h5 32.Rh7 Kg4 33.Ne4 f5 34.Nf6+ Kf3 35.Nxh5 Ng4
36.Rd7 Ne3 37.Rd2 e5 38.b3 Rc8 39.Bg7 e4 40.Nf6 f4 41.Nd7 Ng2 42.Be5 e3 43.Rxg2
Kxg2 44.Bxf4 e2 45.Bd2 Kf1 46.Nb6 Rd8 47.Nc4 Kf2 48.Be3+ Kf3 49.Bd2 Kf2 50.Be3+
Kf1 51.Bd2 Rxd2 52.Ne3+ Kf2 53.Ng4+ Ke1 54.Ne3 Rd1+ 55.Kb2 Kf2

[Event "OEsterreichische Meisterschafte"]
[Site "Fuerstenfeld - Stadthalle"]
[Date "2009.04.06"]
[Round "1"]
[Board "1"]
[White "Schnegg, Daniel"]
[Black "Menezes, Christoph"]
[Result "0-1"]
[WhiteElo "2082"]
[BlackElo "1776"]
[PlyCount "72"]
[EventDate "2009.04.06"]
[EventRounds "7"]
[EventCountry "AUT"]

1.e4 c5 2.Nf3 d6 3.d4 cxd4 4.Nxd4 Nf6 5.Nc3 a6 6.Bc4 b5 7.Bb3 Bb7 8.O-O e6 9.f4
Be7 10.Qf3 O-O 11.Rd1 b4 12.Na4 Nbd7 13.Bd2 Rb8 14.Bxb4 Bxe4 15.Qc3 Qc8 16.Qd2
Nc5 17.Ba3 Rd8 18.Nc3 Ba8 19.Qe2 Nxb3 20.axb3 Qb7 21.Rd3 Rbc8 22.Re1 Bf8 23.Rg3
Qb6 24.Qf2 e5 25.Nde2 Qxf2+ 26.Kxf2 exf4 27.Nxf4 d5 28.Bxf8 Kxf8 29.Rd3 d4
30.Red1 Ng4+ 31.Kg3 Ne3 32.Rxe3 dxe3 33.Nd3 Rd6 34.Kf4 Re8 35.g4 Rf6+ 36.Kg3
Rf3+

[Event "OEsterreichische Meisterschafte"]
[Site "Fuerstenfeld - Stadthalle"]
[Date "2009.04.06"]
[Round "1"]
[Board "1"]
[White "Kammerer, Gernot"]
[Black "Huber, Martin Christian"]
[Result "0-1"]
[WhiteElo "2128"]
[BlackElo "1818"]
[PlyCount "86"]
[EventDate "2009.04.06"]
[EventRounds "7"]
[EventCountry "AUT"]

1.e4 c5 2.Nf3 d6 3.d4 cxd4 4.Nxd4 Nf6 5.Nc3 a6 6.Be3 e6 7.Be2 Be7 8.O-O O-O 9.a4
Nbd7 10.f4 Nc5 11.Bf3 Qc7 12.Qe1 Re8 13.Qg3 Bf8 14.e5 Nfd7 15.exd6 Bxd6 16.Nde2
Nf6 17.Bd4 e5 18.fxe5 Bxe5 19.Bxe5 Qxe5 20.Qxe5 Rxe5 21.Nd4 Rb8 22.Rfe1 Rxe1+
23.Rxe1 Bd7 24.b3 Rd8 25.Re5 Rc8 26.Nd5 Nxd5 27.Bxd5 Kf8 28.b4 Nxa4 29.Bxb7 Rb8
30.Bxa6 Rxb4 31.Rd5 Nb6 32.Rd6 Rb1+ 33.Kf2 Ke7 34.Rxd7+ Kxd7 35.Bd3 g6 36.Nf3
Ke7 37.Ng5 h6 38.Ne4 Nd5 39.Nd2 Rb8 40.Be4 Nb4 41.Ke3 f5 42.Bd3 Rc8 43.Nc4 Nxc2+

[Event "OEsterreichische Meisterschafte"]
[Site "Fuerstenfeld - Stadthalle"]
[Date "2009.04.06"]
[Round "1"]
[Board "1"]
[White "Guetz, Andreas"]
[Black "Schnegg, Martin"]
[Result "0-1"]
[WhiteElo "1800"]
[BlackElo "2062"]
[PlyCount "106"]
[EventDate "2009.04.06"]
[EventRounds "7"]
[EventCountry "AUT"]

1.e4 c5 2.Nf3 e6 3.d4 cxd4 4.Nxd4 a6 5.Nc3 Nc6 6.Be3 Bb4 7.Qd2 Nf6 8.f3 d5 9.a3
Ba5 10.O-O-O O-O 11.Nb3 Qc7 12.Nxa5 Nxa5 13.Kb1 dxe4 14.fxe4 Nc6 15.Bg5 Nd7
16.h4 f6 17.Bf4 Nde5 18.g4 Qf7 19.Be2 b5 20.Rdf1 Nc4 21.Bxc4 bxc4 22.Qg2 Bb7
23.g5 f5 24.h5 Ne7 25.g6 hxg6 26.hxg6 Nxg6 27.Qh2 Rfd8 28.Rfg1 Kf8 29.Bd6+ Ke8
30.Qh7 Nf8 31.Bxf8 Kxf8 32.Qh8+ Qg8 33.Qh2 Rd7 34.Qf4 g6 35.Qh6+ Kf7 36.Qh7+ Qg7
37.Rh6 Rg8 38.Qxg7+ Rxg7 39.exf5 exf5 40.Ne2 g5 41.Ng3 f4 42.Nh5 Rg6 43.Rh7+ Ke8
44.Rxd7 Kxd7 45.Nxf4 Rg8 46.Ne2 Ke6 47.Kc1 Ke5 48.Kd2 g4 49.Ke3 Be4 50.b3 Bf5
51.Nd4 cxb3 52.cxb3 Rc8 53.a4 Rc3+

[Event "OEsterreichische Meisterschafte"]
[Site "Fuerstenfeld - Stadthalle"]
[Date "2009.04.06"]
[Round "1"]
[Board "1"]
[White "Wertjanz, David"]
[Black "Riemelmoser, Markus"]
[Result "1-0"]
[WhiteElo "2043"]
[BlackElo "1763"]
[PlyCount "25"]
[EventDate "2009.04.06"]
[EventRounds "7"]
[EventCountry "AUT"]

1.e4 c5 2.Nf3 d6 3.d4 cxd4 4.Nxd4 Nf6 5.Nc3 a6 6.Bc4 e6 7.Bb3 Be7 8.g4 b5 9.g5
Nfd7 10.Bxe6 Bxg5 11.Qh5 g6 12.Bxd7+ Bxd7 13.Qxg5

[Event "OEsterreichische Meisterschafte"]
[Site "Fuerstenfeld - Stadthalle"]
[Date "2009.04.06"]
[Round "2"]
[Board "1"]
[White "Hofmann, Thomas"]
[Black "Hartl, Daniel"]
[Result "0-1"]
[WhiteElo "2004"]
[BlackElo "2188"]
[PlyCount "40"]
[EventDate "2009.04.06"]
[EventRounds "7"]
[EventCountry "AUT"]

1.e4 e5 2.Nf3 Nc6 3.Bc4 Nf6 4.Ng5 d5 5.exd5 Na5 6.Bb5+ c6 7.dxc6 bxc6 8.Qf3 h6
9.Ne4 Nd5 10.Nbc3 cxb5 11.Nxd5 Bb7 12.Ndc3 Qd7 13.O-O O-O-O 14.Qe3 Qc6 15.Qxa7
Bb4 16.f3 Nc4 17.d3 Ba5 18.Nxb5 Bb6+ 19.Nf2 Qxb5 20.dxc4 Qc5

[Event "OEsterreichische Meisterschafte"]
[Site "Fuerstenfeld - Stadthalle"]
[Date "2009.04.06"]
[Round "2"]
[Board "1"]
[White "Azad, Razik"]
[Black "Riemelmoser, Stefan"]
[Result "1-0"]
[WhiteElo "2061"]
[BlackElo "2104"]
[PlyCount "63"]
[EventDate "2009.04.06"]
[EventRounds "7"]
[EventCountry "AUT"]

1.d4 e6 2.c4 d5 3.Nc3 Be7 4.g3 Nf6 5.Bg2 O-O 6.Nf3 c6 7.O-O Nbd7 8.b3 b6 9.Bb2
Ba6 10.cxd5 Nxd5 11.Rc1 Rc8 12.Re1 N7f6 13.Ne5 Bb7 14.Qd2 Nxc3 15.Bxc3 Nd5
16.Red1 f6 17.Nd3 Nxc3 18.Qxc3 Qd7 19.Qc4 Bd6 20.Nc5 Bxc5 21.dxc5 Qf7 22.Rd6 e5
23.Qd3 Rc7 24.a3 f5 25.cxb6 e4 26.Qd4 axb6 27.Qxb6 Qe7 28.Rcd1 c5 29.e3 Bc8
30.Bf1 Kh8 31.Bc4 h5 32.Rh6+

[Event "OEsterreichische Meisterschafte"]
[Site "Fuerstenfeld - Stadthalle"]
[Date "2009.04.06"]
[Round "2"]
[Board "1"]
[White "Handler, Lukas"]
[Black "Stagl, Marco"]
[Result "0-1"]
[WhiteElo "2102"]
[BlackElo "1881"]
[PlyCount "56"]
[EventDate "2009.04.06"]
[EventRounds "7"]
[EventCountry "AUT"]

1.d4 Nf6 2.c4 c5 3.d5 b5 4.Nf3 e6 5.dxe6 fxe6 6.cxb5 d5 7.e3 Bd6 8.Be2 O-O 9.O-O
Qe7 10.Nfd2 Bb7 11.f4 Nbd7 12.Nc3 Kh8 13.Nf3 e5 14.fxe5 Nxe5 15.Bd2 Neg4 16.Qc1
Rae8 17.Nd1 d4 18.h3 Nxe3 19.Bxe3 dxe3 20.a4 Nh5 21.Ra3 Ng3 22.Qc2 Be4 23.Qc4
Nxf1 24.Kxf1 Bxf3 25.gxf3 Bf4 26.Qd5 Qh4 27.Qd7 Rd8 28.Qg4 Rxd1+

[Event "OEsterreichische Meisterschafte"]
[Site "Fuerstenfeld - Stadthalle"]
[Date "2009.04.06"]
[Round "2"]
[Board "1"]
[White "Schnegg, Martin"]
[Black "Menezes, Christoph"]
[Result "1-0"]
[WhiteElo "2062"]
[BlackElo "1776"]
[PlyCount "45"]
[EventDate "2009.04.06"]
[EventRounds "7"]
[EventCountry "AUT"]

1.e4 c5 2.Nc3 Nc6 3.g3 d6 4.Bg2 g6 5.d3 Bg7 6.Be3 Rb8 7.a4 Nd4 8.Qc1 e6 9.Nce2
Ne7 10.Nxd4 cxd4 11.Bd2 Bd7 12.Ne2 Rc8 13.O-O O-O 14.c3 dxc3 15.bxc3 Bc6 16.d4
f5 17.Nf4 Qd7 18.d5 exd5 19.exd5 Bxa4 20.Ne6 Rfe8 21.Nxg7 Kxg7 22.Bh6+ Kg8
23.Qf4

[Event "OEsterreichische Meisterschafte"]
[Site "Fuerstenfeld - Stadthalle"]
[Date "2009.04.06"]
[Round "2"]
[Board "1"]
[White "Huber, Martin Christian"]
[Black "Wertjanz, David"]
[Result "1/2-1/2"]
[WhiteElo "1818"]
[BlackElo "2043"]
[PlyCount "54"]
[EventDate "2009.04.06"]
[EventRounds "7"]
[EventCountry "AUT"]

1.d4 Nf6 2.c4 e6 3.Nc3 Bb4 4.Qc2 d5 5.cxd5 exd5 6.Bg5 c5 7.Nf3 cxd4 8.Nxd4 Nc6
9.Rd1 O-O 10.e3 Bxc3+ 11.bxc3 h6 12.Nxc6 bxc6 13.Bh4 Qe7 14.Be2 Qe4 15.Qxe4 Nxe4
16.Rc1 Rb8 17.f3 Ng5 18.Bxg5 hxg5 19.Kd2 Be6 20.Bd3 Rb2+ 21.Rc2 Rfb8 22.Rhc1 Kf8
23.Rxb2 Rxb2+ 24.Rc2 Rb1 25.Rc1 Rb2+ 26.Rc2 Rb1 27.Rc1 Rb2+

[Event "OEsterreichische Meisterschafte"]
[Site "Fuerstenfeld - Stadthalle"]
[Date "2009.04.06"]
[Round "2"]
[Board "1"]
[White "Guetz, Andreas"]
[Black "Schnegg, Daniel"]
[Result "0-1"]
[WhiteElo "1800"]
[BlackElo "2082"]
[PlyCount "86"]
[EventDate "2009.04.06"]
[EventRounds "7"]
[EventCountry "AUT"]

1.e4 c5 2.Nf3 d6 3.d4 cxd4 4.Nxd4 Nf6 5.Nc3 a6 6.Be3 Ng4 7.Bc1 Nc6 8.f3 Qb6
9.fxg4 Qxd4 10.Be2 b5 11.Nd5 Rb8 12.Qxd4 Nxd4 13.Ne3 Bb7 14.Bd3 Rc8 15.b3 g6
16.Bb2 Bg7 17.O-O-O O-O 18.h4 Rc5 19.Rd2 Ne6 20.Ba3 Rcc8 21.Nd5 Bxd5 22.exd5 Nf4
23.Rf1 Nxd5 24.Bxg6 Ne3 25.Re1 Bc3 26.Bxh7+ Kxh7 27.Rxe3 Bxd2+ 28.Kxd2 e6 29.Rf3
Rc7 30.g5 Rfc8 31.c3 a5 32.Bb2 d5 33.Ke3 e5 34.Rf6 b4 35.c4 Re8 36.Ra6 dxc4
37.Rxa5 c3 38.Bc1 Rd7 39.Ke4 Rd1 40.Be3 Rc8 41.Rd5 Rxd5 42.Kxd5 c2 43.Bc1 Rd8+

[Event "OEsterreichische Meisterschafte"]
[Site "Fuerstenfeld - Stadthalle"]
[Date "2009.04.06"]
[Round "2"]
[Board "1"]
[White "Riemelmoser, Markus"]
[Black "Kammerer, Gernot"]
[Result "0-1"]
[WhiteElo "1763"]
[BlackElo "2128"]
[PlyCount "82"]
[EventDate "2009.04.06"]
[EventRounds "7"]
[EventCountry "AUT"]

1.c4 e5 2.g3 Nc6 3.Bg2 g6 4.Nc3 Bg7 5.d3 d6 6.Rb1 a5 7.a3 f5 8.e3 Nf6 9.Nge2 O-O
10.O-O Ne7 11.b4 axb4 12.axb4 c6 13.Bd2 d5 14.cxd5 cxd5 15.d4 e4 16.Nf4 g5
17.Nfe2 Bd7 18.Ra1 Qb6 19.Na4 Bxa4 20.Rxa4 Ng6 21.Qb3 Rxa4 22.Qxa4 Rc8 23.Rc1
Rxc1+ 24.Nxc1 Bf8 25.Nb3 f4 26.gxf4 gxf4 27.exf4 Qc7 28.Qb5 Qc2 29.Qa4 Qd1+
30.Bf1 Nh4 31.Be3 Qg4+ 32.Kh1 Qf3+ 33.Kg1 Qg4+ 34.Kh1 Nf3 35.Bg2 Qh4 36.h3 Ng4
37.Qa2 Nxe3 38.Bxf3 Qxh3+ 39.Kg1 Qf1+ 40.Kh2 exf3 41.fxe3 Qe2+

[Event "OEsterreichische Meisterschafte"]
[Site "Fuerstenfeld - Stadthalle"]
[Date "2009.04.07"]
[Round "3"]
[Board "1"]
[White "Hartl, Daniel"]
[Black "Schnegg, Martin"]
[Result "1-0"]
[WhiteElo "2188"]
[BlackElo "2062"]
[PlyCount "45"]
[EventDate "2009.04.06"]
[EventRounds "7"]
[EventCountry "AUT"]

1.e4 d5 2.exd5 Qxd5 3.Nc3 Qd8 4.d4 c6 5.Bc4 Nf6 6.Nf3 Bf5 7.Ne5 e6 8.g4 Be4
9.Nxe4 Nxe4 10.Qf3 Nd6 11.Bb3 Nd7 12.Be3 Nxe5 13.dxe5 Qa5+ 14.c3 Qxe5 15.O-O-O
a5 16.Bf4 Qc5 17.Rhe1 O-O-O 18.Be3 Qb5 19.c4 Qb4 20.c5 Nc4 21.Qxf7 Bxc5 22.Qxe6+
Kb8 23.Qxc4

[Event "OEsterreichische Meisterschafte"]
[Site "Fuerstenfeld - Stadthalle"]
[Date "2009.04.07"]
[Round "3"]
[Board "1"]
[White "Stagl, Marco"]
[Black "Azad, Razik"]
[Result "0-1"]
[WhiteElo "1881"]
[BlackElo "2061"]
[PlyCount "82"]
[EventDate "2009.04.06"]
[EventRounds "7"]
[EventCountry "AUT"]

1.d4 Nf6 2.c4 e6 3.g3 d5 4.Bg2 Be7 5.Nf3 O-O 6.O-O dxc4 7.Qc2 a6 8.Qxc4 b5 9.Qc2
Bb7 10.Bd2 Bd6 11.Rc1 Be4 12.Qb3 Bd5 13.Qc2 Nc6 14.e3 Ra7 15.a3 Qa8 16.Qd1 Ne4
17.Be1 e5 18.Nc3 Nxc3 19.Bxc3 exd4 20.Bxd4 Nxd4 21.Qxd4 c5 22.Qd1 Rd8 23.Qe2
Rad7 24.Rd1 Bc7 25.Nh4 Bxg2 26.Nxg2 Be5 27.Rxd7 Rxd7 28.a4 Qd8 29.axb5 Rd2
30.Qf1 Bxb2 31.Rb1 a5 32.Nf4 a4 33.Qc4 a3 34.Qa4 g6 35.b6 Qxb6 36.Qxa3 Rd1+
37.Kg2 Rxb1 38.Qa8+ Kg7 39.Nd5 Qe6 40.Nf4 Qc4 41.Qa7 Be5

[Event "OEsterreichische Meisterschafte"]
[Site "Fuerstenfeld - Stadthalle"]
[Date "2009.04.07"]
[Round "3"]
[Board "1"]
[White "Wertjanz, David"]
[Black "Schnegg, Daniel"]
[Result "0-1"]
[WhiteElo "2043"]
[BlackElo "2082"]
[PlyCount "102"]
[EventDate "2009.04.06"]
[EventRounds "7"]
[EventCountry "AUT"]

1.e4 c5 2.Nf3 d6 3.d4 cxd4 4.Nxd4 Nf6 5.Nc3 a6 6.Bc4 e6 7.Bb3 b5 8.Bg5 Be7 9.Qf3
Qc7 10.O-O-O Nbd7 11.e5 Bb7 12.Qg3 Nxe5 13.Bxe6 b4 14.Bxf6 Bxf6 15.Nd5 Qd8
16.Nxf6+ Qxf6 17.Bb3 O-O 18.f4 Ng6 19.Rhf1 Rfe8 20.Qf2 Re4 21.g3 Nf8 22.Nf3 Rd8
23.Qb6 Rd7 24.Ng5 Re2 25.Nxf7 d5 26.Qxf6 gxf6 27.Nh6+ Kg7 28.Nf5+ Kg6 29.Nh4+
Kh5 30.Nf3 Kg4 31.Rd3 Ne6 32.Kd1 Rg2 33.f5 Nc5 34.Rd4+ Kxf5 35.Rh4 Kg6 36.Ne1 d4
37.Nxg2 Bxg2 38.Rf2 Be4 39.Rhf4 Rd6 40.Rg4+ Kh6 41.Rff4 f5 42.Rg8 Rg6 43.Rd8 d3
44.Rh4+ Kg7 45.Rg8+ Kf6 46.Rf8+ Ke5 47.Rxh7 Rc6 48.Re8+ Kd4 49.Kd2 Nxb3+ 50.cxb3
Rc2+ 51.Kd1 Bf3+

[Event "OEsterreichische Meisterschafte"]
[Site "Fuerstenfeld - Stadthalle"]
[Date "2009.04.07"]
[Round "3"]
[Board "1"]
[White "Riemelmoser, Stefan"]
[Black "Huber, Martin Christian"]
[Result "0-1"]
[WhiteElo "2104"]
[BlackElo "1818"]
[PlyCount "102"]
[EventDate "2009.04.06"]
[EventRounds "7"]
[EventCountry "AUT"]

1.e4 e5 2.Nf3 Nc6 3.Bb5 a6 4.Ba4 Nf6 5.O-O Be7 6.Re1 b5 7.Bb3 O-O 8.c3 d5 9.exd5
Nxd5 10.Nxe5 Nxe5 11.Rxe5 c6 12.d3 Bd6 13.Re1 Qh4 14.g3 Qh3 15.Re4 Nf6 16.Rh4
Qf5 17.Nd2 g5 18.Rh6 Ng4 19.Ne4 Nxh6 20.Nxd6 Qg6 21.Ne4 Bf5 22.Nxg5 Bxd3 23.Qf3
c5 24.Bd5 Rad8 25.Be3 Qf5 26.Be4 Bxe4 27.Qxe4 c4 28.Qf4 Qxf4 29.Bxf4 Rfe8 30.Nf3
Nf5 31.g4 Ng7 32.Nd4 Ne6 33.Be3 Nxd4 34.Bxd4 Re2 35.Rb1 Rde8 36.Be3 a5 37.Kf1
Rc2 38.a3 Rd8 39.Ke1 Kg7 40.h3 Rd3 41.Bd4+ Kg6 42.h4 h5 43.g5 Rdd2 44.b3 Rb2
45.Rxb2 Rxb2 46.bxc4 bxc4 47.Bc5 Kf5 48.Kd1 Kg4 49.Kc1 Rb3 50.Kc2 Kxh4 51.a4
Kxg5

[Event "OEsterreichische Meisterschafte"]
[Site "Fuerstenfeld - Stadthalle"]
[Date "2009.04.07"]
[Round "3"]
[Board "1"]
[White "Matt, Fabian"]
[Black "Handler, Lukas"]
[Result "1/2-1/2"]
[WhiteElo "1938"]
[BlackElo "2102"]
[PlyCount "101"]
[EventDate "2009.04.06"]
[EventRounds "7"]
[EventCountry "AUT"]

1.e4 e5 2.Nf3 Nc6 3.Bb5 a6 4.Ba4 Nf6 5.O-O Be7 6.Re1 b5 7.Bb3 d6 8.c3 O-O 9.d4
Bg4 10.Be3 Nxe4 11.Bd5 Qd7 12.Bxe4 d5 13.Bxh7+ Kxh7 14.dxe5 Kg8 15.Nbd2 b4
16.Bd4 bxc3 17.bxc3 Na5 18.Nb3 Nxb3 19.axb3 c5 20.Be3 Rfb8 21.Rb1 Rb7 22.h3 Bf5
23.Ra1 Be6 24.Re2 a5 25.Bg5 Bf8 26.Rea2 Qc7 27.Bd2 Qb8 28.b4 cxb4 29.cxb4 Bxb4
30.Kh2 Raa7 31.Bxb4 axb4 32.Rxa7 Rxa7 33.Rxa7 Qxa7 34.Nd4 Bd7 35.Qd2 Qc5 36.Qf4
Qb6 37.Qe3 Ba4 38.Qd2 Qc5 39.Qf4 Bd7 40.Nb3 Qc4 41.Nd4 b3 42.e6 Bxe6 43.Qb8+ Kh7
44.Nxb3 Qe2 45.Qf4 Qe4 46.Qxe4+ dxe4 47.Nc5 Bd5 48.Kg3 g5 49.Nd7 Kg7 50.h4 gxh4+
51.Kxh4

[Event "OEsterreichische Meisterschafte"]
[Site "Fuerstenfeld - Stadthalle"]
[Date "2009.04.07"]
[Round "3"]
[Board "1"]
[White "Menezes, Christoph"]
[Black "Kammerer, Gernot"]
[Result "1/2-1/2"]
[WhiteElo "1776"]
[BlackElo "2128"]
[PlyCount "107"]
[EventDate "2009.04.06"]
[EventRounds "7"]
[EventCountry "AUT"]

1.d4 d5 2.Nf3 Nf6 3.c4 e6 4.g3 dxc4 5.Bg2 a6 6.O-O Nc6 7.e3 Bd7 8.Nbd2 Rb8
9.Nxc4 b5 10.Nce5 Bd6 11.b3 O-O 12.Bb2 Nd5 13.Rc1 Nxe5 14.Nxe5 f6 15.Nxd7 Qxd7
16.e4 Nb6 17.e5 Be7 18.Bc6 Qd8 19.exf6 Bxf6 20.Re1 Qd6 21.Qg4 Nc4 22.bxc4 Qxc6
23.cxb5 Qxb5 24.Qxe6+ Kh8 25.Ba1 Qb4 26.Rxc7 Bxd4 27.Bxd4 Qxd4 28.Rf7 Rfd8
29.Rb7 Rf8 30.Rf7 a5 31.Rxf8+ Rxf8 32.Qe3 Qd5 33.Re2 Qd1+ 34.Kg2 Qd5+ 35.Qe4 Qc5
36.h4 Qc3 37.Re3 Qd2 38.Rf3 Rd8 39.Qe7 Qd5 40.Kh2 Rg8 41.Qe2 h6 42.a4 Rd8 43.Rf4
Rb8 44.Qe4 Qd6 45.Qe3 Qd5 46.Qe4 Qd6 47.Qf5 Qc7 48.h5 Rd8 49.Qb5 Rb8 50.Qd5 Rd8
51.Qf7 Qxf7 52.Rxf7 Rd5 53.Rb7 Rxh5+ 54.Kg2

[Event "OEsterreichische Meisterschafte"]
[Site "Fuerstenfeld - Stadthalle"]
[Date "2009.04.07"]
[Round "3"]
[Board "1"]
[White "Halvax, Georg"]
[Black "Dalnodar, Bernhard"]
[Result "1-0"]
[WhiteElo "2187"]
[BlackElo "1952"]
[PlyCount "113"]
[EventDate "2009.04.06"]
[EventRounds "7"]
[EventCountry "AUT"]

1.e4 c5 2.Nf3 Nc6 3.d4 cxd4 4.Nxd4 g6 5.Nc3 Bg7 6.Be3 Nf6 7.Bc4 Qa5 8.O-O O-O
9.Nb3 Qc7 10.Bg5 b6 11.Bxf6 exf6 12.Nb5 Qd8 13.Nd6 Rb8 14.Qd5 Qe7 15.Rad1 Bb7
16.Nxb7 Rxb7 17.Nd4 Qe5 18.Ba6 Rbb8 19.Nxc6 dxc6 20.Qxe5 fxe5 21.Rd6 c5 22.Rfd1
h6 23.Kf1 Rfe8 24.Rd7 Bf6 25.Rxa7 Red8 26.Rxd8+ Rxd8 27.Bc4 Rf8 28.Rb7 Bd8
29.Ke2 Kg7 30.Bd5 h5 31.Rd7 Bh4 32.f3 Bf6 33.Kd3 g5 34.Kc4 g4 35.fxg4 hxg4
36.Be6 g3 37.hxg3 Kg6 38.Bd5 Bg5 39.Rd6+ Kh5 40.Rxb6 Kg4 41.Rb3 Be7 42.a4 f5
43.Be6 Rd8 44.Bxf5+ Kg5 45.Rd3 Rb8 46.b3 Rb4+ 47.Kc3 c4 48.Rd7 cxb3 49.cxb3 Bf8
50.Rd5 Kf6 51.a5 Rb7 52.a6 Rc7+ 53.Kb2 Ra7 54.Bc8 Be7 55.Bb7 Ke6 56.Kc3 Kf6
57.b4

[Event "OEsterreichische Meisterschafte"]
[Site "Fuerstenfeld - Stadthalle"]
[Date "2009.04.08"]
[Round "4"]
[Board "1"]
[White "Azad, Razik"]
[Black "Hartl, Daniel"]
[Result "1/2-1/2"]
[WhiteElo "2061"]
[BlackElo "2188"]
[PlyCount "32"]
[EventDate "2009.04.06"]
[EventRounds "7"]
[EventCountry "AUT"]

1.e4 e5 2.Nf3 Nc6 3.Bb5 a6 4.Ba4 Nf6 5.O-O b5 6.Bb3 Bc5 7.a4 Rb8 8.c3 d6 9.d4
Bb6 10.a5 Ba7 11.h3 O-O 12.Be3 exd4 13.cxd4 Nb4 14.Qd2 c5 15.Nc3 Bb7 16.d5 Nd7

[Event "OEsterreichische Meisterschafte"]
[Site "Fuerstenfeld - Stadthalle"]
[Date "2009.04.08"]
[Round "4"]
[Board "1"]
[White "Huber, Martin Christian"]
[Black "Schnegg, Martin"]
[Result "1/2-1/2"]
[WhiteElo "1818"]
[BlackElo "2062"]
[PlyCount "34"]
[EventDate "2009.04.06"]
[EventRounds "7"]
[EventCountry "AUT"]

1.d4 d5 2.c4 Nc6 3.Nc3 e6 4.Nf3 Nf6 5.Bg5 Be7 6.e3 O-O 7.Rc1 Ne4 8.Bxe7 Nxe7
9.Bd3 f5 10.O-O Nd6 11.cxd5 exd5 12.Ne2 Ng6 13.Ne5 c6 14.f4 Ne4 15.b4 Be6 16.a4
Rc8 17.Rb1 b6

[Event "OEsterreichische Meisterschafte"]
[Site "Fuerstenfeld - Stadthalle"]
[Date "2009.04.08"]
[Round "4"]
[Board "1"]
[White "Schnegg, Daniel"]
[Black "Stagl, Marco"]
[Result "1/2-1/2"]
[WhiteElo "2082"]
[BlackElo "1881"]
[PlyCount "119"]
[EventDate "2009.04.06"]
[EventRounds "7"]
[EventCountry "AUT"]

1.d4 Nf6 2.c4 c6 3.Nc3 d5 4.Nf3 e6 5.Bg5 h6 6.Bh4 Be7 7.e3 Nbd7 8.Bd3 O-O 9.O-O
b6 10.Re1 Bb7 11.Qc2 c5 12.Rad1 dxc4 13.Bxc4 Bxf3 14.gxf3 Qc8 15.Bf1 cxd4
16.Rxd4 Ne5 17.Bg2 Ng6 18.Bg3 Nh5 19.Bd6 Bxd6 20.Rxd6 Qc7 21.Red1 Rad8 22.Qd2
Rxd6 23.Qxd6 Qxd6 24.Rxd6 Nf6 25.f4 Rc8 26.Bb7 Rc7 27.Rd8+ Kh7 28.Ba6 Ne7
29.Bd3+ g6 30.Nb5 Nc6 31.Ra8 Rd7 32.Be2 Nd5 33.Bf3 Nde7 34.Kf1 Kg7 35.Ke2 g5
36.fxg5 hxg5 37.a4 f5 38.Bxc6 Nxc6 39.Rc8 Ne7 40.Rc7 Rxc7 41.Nxc7 Kf6 42.f4 g4
43.Ne8+ Kg6 44.Nd6 Nc6 45.Nb5 Kh5 46.Nc7 Nd8 47.Kf2 Kg6 48.Kg3 Kf6 49.e4 Nc6
50.e5+ Ke7 51.Nb5 Kd7 52.h3 gxh3 53.Kxh3 a6 54.Nc3 Nb4 55.Kg3 Kc6 56.Kf3 Kc5
57.b3 Nd5 58.Nxd5 Kxd5 59.Ke3 Kc5 60.Kd3

[Event "OEsterreichische Meisterschafte"]
[Site "Fuerstenfeld - Stadthalle"]
[Date "2009.04.08"]
[Round "4"]
[Board "1"]
[White "Handler, Lukas"]
[Black "Wertjanz, David"]
[Result "1/2-1/2"]
[WhiteElo "2102"]
[BlackElo "2043"]
[PlyCount "73"]
[EventDate "2009.04.06"]
[EventRounds "7"]
[EventCountry "AUT"]

1.d4 Nf6 2.c4 e6 3.Nc3 Bb4 4.e3 c5 5.a3 Bxc3+ 6.bxc3 d6 7.Nf3 Nc6 8.Bd3 e5 9.Qc2
O-O 10.d5 Ne7 11.h3 Kh8 12.g4 Ne8 13.e4 g6 14.Bh6 Ng7 15.Rg1 Ng8 16.Bxg7+ Kxg7
17.O-O-O Bd7 18.h4 Qa5 19.Qb2 Rab8 20.Kd2 b5 21.cxb5 Bxb5 22.Bxb5 Rxb5 23.Qa2
Rfb8 24.Rb1 Rxb1 25.Rxb1 Rxb1 26.Qxb1 Qxa3 27.Ne1 Qa6 28.Nc2 Qc8 29.Ne3 Nf6
30.f3 Nd7 31.Qa2 Qc7 32.Nc4 Nb6 33.Na5 Nc8 34.Nc6 Qb6 35.Kc2 a6 36.Qa5 Qd8
37.Qa2

[Event "OEsterreichische Meisterschafte"]
[Site "Fuerstenfeld - Stadthalle"]
[Date "2009.04.08"]
[Round "4"]
[Board "1"]
[White "Hofmann, Thomas"]
[Black "Matt, Fabian"]
[Result "1-0"]
[WhiteElo "2004"]
[BlackElo "1938"]
[PlyCount "76"]
[EventDate "2009.04.06"]
[EventRounds "7"]
[EventCountry "AUT"]

1.e4 e5 2.Bc4 Nf6 3.d3 Nc6 4.Nf3 d6 5.O-O Bg4 6.Nbd2 Na5 7.Bb5+ c6 8.Ba4 b5
9.Bb3 Be7 10.h3 Bh5 11.Re1 O-O 12.Nf1 Nxb3 13.axb3 Nd7 14.g4 Bg6 15.Ng3 Nc5
16.Be3 Bh4 17.Kg2 Bxg3 18.fxg3 Qe7 19.Qd2 f6 20.Ra3 Rfb8 21.Rea1 b4 22.Ra5 Bf7
23.Qf2 Rb5 24.Nh4 g6 25.Rxb5 cxb5 26.Rf1 a5 27.g5 a4 28.gxf6 Qf8 29.bxa4 bxa4
30.Qd2 Rb8 31.Nf3 a3 32.Bxc5 dxc5 33.b3 Re8 34.Qg5 Qd6 35.Nh2 Qf8 36.Ng4 Qd6
37.Nh6+ Kf8 38.Nf5 Qd8